<?xml version="1.0" encoding="UTF-8"?><?xml-stylesheet type="text/xsl" href="static/style.xsl"?><OAI-PMH xmlns="http://www.openarchives.org/OAI/2.0/" xmlns:xsi="http://www.w3.org/2001/XMLSchema-instance" xsi:schemaLocation="http://www.openarchives.org/OAI/2.0/ http://www.openarchives.org/OAI/2.0/OAI-PMH.xsd"><responseDate>2026-06-06T19:30:43Z</responseDate><request verb="GetRecord" identifier="oai:riuma.uma.es:10630/25437" metadataPrefix="marc">https://riuma.uma.es/rest/oai/request</request><GetRecord><record><header><identifier>oai:riuma.uma.es:10630/25437</identifier><datestamp>2026-02-03T12:42:15Z</datestamp><setSpec>com_10630_2254</setSpec><setSpec>col_10630_37957</setSpec></header><metadata><record xmlns="http://www.loc.gov/MARC21/slim" xmlns:dcterms="http://purl.org/dc/terms/" xmlns:doc="http://www.lyncode.com/xoai" xmlns:xsi="http://www.w3.org/2001/XMLSchema-instance" xsi:schemaLocation="http://www.loc.gov/MARC21/slim http://www.loc.gov/standards/marcxml/schema/MARC21slim.xsd">
   <leader>00925njm 22002777a 4500</leader>
   <datafield ind2=" " ind1=" " tag="042">
      <subfield code="a">dc</subfield>
   </datafield>
   <datafield ind2=" " ind1=" " tag="720">
      <subfield code="a">Ocaña Miguel, Antonio</subfield>
      <subfield code="e">author</subfield>
   </datafield>
   <datafield ind2=" " ind1=" " tag="260">
      <subfield code="c">2022</subfield>
   </datafield>
   <datafield ind2=" " ind1=" " tag="520">
      <subfield code="a">El presente trabajo se enmarca dentro de la sostenibilidad energética y la autosuficiencia en las infraestructuras municipales. Desde la propia actividad de las Administraciones Públicas de carácter local, es posible ver cómo se está trabajando con múltiples experiencias piloto y sus réplicas en la evolución de la eficiencia energética en el sector de la edificación, con el objetivo final de intentar conseguir un edificio con consumo casi nulo. Sin embargo, no se observa la existencia de una tendencia de evolución similar para el objetivo complementario de lograr un municipio con consumo casi nulo. Desde este punto de vista, y en el contexto de grandes consumidores energéticos como son los ayuntamientos, queda aún mucho que recorrer, evolucionar y mejorar.&#xd;
Las ciudades consumen la mitad de la energía a escala mundial, y las infraestructuras urbanísticas de los municipios (iluminación, agua, etc.) conllevan un consumo de energía que, en muchos casos, se produce con combustibles procedentes de hidrocarburos. Esto las hace insostenibles a largo plazo.&#xd;
Por lo tanto, es necesario que a escala urbana se implanten de manera real la producción de energía por fuentes renovables, para permitir un ahorro energético que no comprometa al medio ambiente. Nos hemos apoyado en un caso real, como es el municipio de Cártama, cuyas infraestructuras han servido como laboratorio de ensayos.&#xd;
Se han realizado tres experimentos en dichas instalaciones, donde se proponen y consiguen por un lado una mejora de la eficiencia energética, y por otro, la producción de energía por fuentes renovables para su autoconsumo. Las líneas de investigación desarrolladas siguen un hilo conductor, encaminados a reducir el consumo energético del municipio, mejorando y obteniendo energía en tres ámbitos diferenciados:&#xd;
I. Alumbrado público.&#xd;
II. Edificios municipales.&#xd;
III. Red de abastecimiento de agua.</subfield>
   </datafield>
   <datafield ind1="8" ind2=" " tag="024">
      <subfield code="a">https://hdl.handle.net/10630/25437</subfield>
   </datafield>
   <datafield tag="653" ind2=" " ind1=" ">
      <subfield code="a">Alumbrado públcio -- Tesis doctorales</subfield>
   </datafield>
   <datafield tag="653" ind2=" " ind1=" ">
      <subfield code="a">Medio ambiente -- Tesis doctorales</subfield>
   </datafield>
   <datafield tag="653" ind2=" " ind1=" ">
      <subfield code="a">Control automático -- Tesis doctorales</subfield>
   </datafield>
   <datafield tag="653" ind2=" " ind1=" ">
      <subfield code="a">Energía -- Conversión directa -- Tesis doctorales</subfield>
   </datafield>
   <datafield ind2="0" ind1="0" tag="245">
      <subfield code="a">Análisis teórico-experimental de eficiencia energética en infraestructuras urbanas</subfield>
   </datafield>
</record>
</metadata></record></GetRecord></OAI-PMH>